000 00435 a2200157 4500
005 20250613122322.0
020 _a0-13-090947-5
082 _a658.45 THI
100 _aTHILL, J. V.
245 _aExcellence in Business Communication.
250 _a5th Ed.
260 _aNew Jersey,
_bPrentice-Hall,
_c2002.
300 _axxxv, 565p.: ill.; figure, picture, table
_bIndex & Reference
_c27cm.
700 _aBOVEE, C. L.
942 _2ddc
_cBKS
999 _c3989
_d3989